[Event "Arco op 44th"]
[Site "Arco"]
[Date "2022.10.09"]
[Round "2"]
[White "Macalello, Angelo"]
[Black "Heinisch, Wolfgang"]
[Result "0-1"]
[WhiteElo "1586"]
[BlackElo "1792"]
[PlyCount "40"]
[EventDate "2022.10.08"]
[EventType "swiss"]
[EventRounds "9"]
[EventCountry "ITA"]
[SourceTitle "CBM 210 Extra"]
[Source "ChessBase"]
[SourceDate "2022.11.30"]
[SourceVersion "1"]
[SourceVersionDate "2022.11.30"]
[SourceQuality "1"]

1. e4 c5 2. c3 d5 3. exd5 Qxd5 4. Be2 Nc6 5. d4 e6 6. Bf3 Qd8 7. Ne2 Nf6 8. Be3 cxd4 9. cxd4 Nd5 10. 0-0 Be7 11. Nbc3 Nxe3 12. fxe3 0-0 13. Kh1 Bg5 14. Bxc6 bxc6 15. Rf3 Rb8 16. Ne4 Rxb2 17. Rg3 Bh4 18. Rf3 e5 19. Nf2 Be6 20. Nd3 Rxe2 0-1

[Event "Arco op 44th"]
[Site "Arco"]
[Date "2022.10.08"]
[Round "1"]
[White "Meyer, Thorsten1111"]
[Black "Macalello, Angelo"]
[Result "1-0"]
[WhiteElo "1989"]
[BlackElo "1586"]
[PlyCount "63"]
[EventDate "2022.10.08"]
[EventType "swiss"]
[EventRounds "9"]
[EventCountry "ITA"]
[SourceTitle "CBM 210 Extra"]
[Source "ChessBase"]
[SourceDate "2022.11.30"]
[SourceVersion "1"]
[SourceVersionDate "2022.11.30"]
[SourceQuality "1"]

1. e4 e5 2. Nf3 Nc6 3. Bc4 Nf6 4. d3 Be7 5. 0-0 0-0 6. Be3 d6 7. h3 h6 8. Nc3 Nb8 9. d4 Nbd7 10. Bb3 c6 11. Qe2 Nh7 12. Rad1 Qc7 13. Nh2 Ndf6 14. f4 b5 15. fxe5 dxe5 16. dxe5 Nd7 17. e6 Nc5 18. exf7+ Kh8 19. Bxc5 Bxc5+ 20. Kh1 Qe7 21. e5 Be6 22. Ne4 Bxb3 23. Nxc5 Bc4 24. Nd3 Rxf7 25. Rxf7 Qxf7 26. b3 Bd5 27. Rf1 Qe7 28. Nf4 Kg8 29. Nxd5 cxd5 30. Nf3 a6 31. Rd1 Nf6 32. Qd3 1-0

[Event "Province VR 80th"]
[Site "Zevio Verona"]
[Date "2020.01.26"]
[Round "5.13"]
[White "Macalello, Angelo"]
[Black "Antolini, Aldo"]
[Result "1-0"]
[WhiteElo "1616"]
[BlackElo "1545"]
[PlyCount "57"]
[EventDate "2020.01.24"]
[EventType "swiss"]
[EventRounds "5"]
[EventCountry "ITA"]
[SourceTitle "EXT 2024"]
[Source "ChessBase"]
[SourceDate "2023.10.10"]
[SourceVersion "1"]
[SourceVersionDate "2023.10.10"]
[SourceQuality "1"]

1. f4 d6 2. Nf3 Nf6 3. b3 g6 4. Bb2 Bg7 5. e3 0-0 6. Be2 Re8 7. c4 Nc6 8. 0-0 Bf5 9. Nh4 Bd7 10. a3 Nh5 11. Bxg7 Nxg7 12. Nf3 e5 13. Nc3 e4 14. Ng5 f5 15. g4 Qc8 16. c5 h6 17. Bc4+ Ne6 18. gxf5 hxg5 19. fxg6 Kg7 20. cxd6 gxf4 21. Nxe4 Ne5 22. Ra2 Nxc4 23. Qa1+ Kh6 24. bxc4 Ng7 25. Rxf4 Bc6 26. Rh4+ Nh5 27. Nf6 Kxg6 28. Nxh5 Qf5 29. Qg7# 1-0

[Event "Verona Province-ch"]
[Site "Zevio Verona"]
[Date "2013.01.25"]
[Round "4"]
[White "La Piana, Antonino"]
[Black "Macalello, Angelo"]
[Result "1/2-1/2"]
[WhiteElo "1830"]
[BlackElo "1707"]
[PlyCount "74"]
[EventDate "2013.01.12"]
[EventType "swiss"]
[EventRounds "6"]
[EventCountry "ITA"]
[SourceTitle "EXT 2024"]
[Source "ChessBase"]
[SourceDate "2023.10.10"]
[SourceVersion "1"]
[SourceVersionDate "2023.10.10"]
[SourceQuality "1"]

1. e4 c6 2. d4 d5 3. Nc3 dxe4 4. Nxe4 Nd7 5. Nf3 Ngf6 6. Bd3 g6 7. Qe2 Nxe4 8. Bxe4 Bg7 9. c3 0-0 10. 0-0 Re8 11. Bg5 Qc7 12. Qc2 Nf6 13. Bd3 Nd5 14. Qd2 Bg4 15. Be4 Nf6 16. Bc2 Bxf3 17. gxf3 e5 18. dxe5 Rad8 19. Qf4 Nh5 20. Bxd8 Rxd8 21. Qh4 Rd2 22. Bb3 Bxe5 23. Rad1 Bf6 24. Qg4 Rxd1 25. Rxd1 Qe5 26. Qd7 Kg7 27. Qxf7+ Kh6 28. Qf8+ Bg7 29. Qd8 Bf6 30. Qd4 Qg5+ 31. Qg4 Qe5 32. Bc2 Nf4 33. Be4 Bg5 34. Kh1 Nh5 35. Qh3 Bf4 36. Qh4 Bg5 37. Qh3 Bf4 1/2-1/2

[Event "Verona Province-ch"]
[Site "Zevio Verona"]
[Date "2013.01.12"]
[Round "1"]
[White "Macalello, Angelo"]
[Black "Rizzati, Aldo"]
[Result "0-1"]
[WhiteElo "1707"]
[BlackElo "1944"]
[PlyCount "62"]
[EventDate "2013.01.12"]
[EventType "swiss"]
[EventRounds "6"]
[EventCountry "ITA"]
[SourceTitle "EXT 2024"]
[Source "ChessBase"]
[SourceDate "2023.10.10"]
[SourceVersion "1"]
[SourceVersionDate "2023.10.10"]
[SourceQuality "1"]

1. e4 e5 2. Nf3 Nc6 3. Bc4 Bc5 4. c3 Nf6 5. d4 exd4 6. cxd4 Bb4+ 7. Bd2 0-0 8. Bxb4 Nxb4 9. Qb3 a5 10. a3 d5 11. exd5 Re8+ 12. Ne5 Nbxd5 13. 0-0 c6 14. Nd2 Qd6 15. Qf3 Be6 16. Rfe1 Nc7 17. Bxe6 Nxe6 18. Ndc4 Qxd4 19. Rad1 Qc5 20. Rd7 Nd8 21. Red1 Nxd7 22. Nxd7 Qxc4 23. Nb6 Qe6 24. h3 Ra6 25. Na4 Qe7 26. Nc3 b5 27. Ne4 Ne6 28. Re1 Raa8 29. h4 Nc5 30. Qc3 Nxe4 31. Qxc6 Qc5 0-1

[Event "Basso Veronese  op-B 3rd"]
[Site "Verona"]
[Date "2010.05.29"]
[Round "1"]
[White "Macalello, Angelo"]
[Black "Zanchetta, Nicola"]
[Result "1/2-1/2"]
[WhiteElo "1643"]
[BlackElo "1837"]
[PlyCount "63"]
[EventDate "2010.05.29"]
[EventType "swiss"]
[EventRounds "6"]
[EventCountry "ITA"]
[SourceTitle "EXT 2011"]
[Source "ChessBase"]
[SourceDate "2010.11.26"]
[SourceVersion "1"]
[SourceVersionDate "2010.11.26"]
[SourceQuality "1"]

1. e4 c5 2. Nf3 e6 3. d4 cxd4 4. Nxd4 Bc5 5. c3 Nc6 6. Be2 Qb6 7. Na3 Bxd4 8. cxd4 Nxd4 9. Nc4 Qc5 10. Be3 e5 11. Rc1 Qb4+ 12. Bd2 Qe7 13. a3 Nc6 14. Be3 Nh6 15. Nd6+ Kd8 16. Bc5 Qf6 17. 0-0 b6 18. Be3 Ke7 19. Nb5 Rb8 20. Nc7 Qd6 21. Nd5+ Kf8 22. f4 Bb7 23. Rxc6 dxc6 24. fxe5 Qd7 25. Bh5 cxd5 26. Bxh6 gxh6 27. Rxf7+ Qxf7 28. Bxf7 Kxf7 29. exd5 Rhd8 30. Qf3+ Kg8 31. e6 Bxd5 32. Qf7+ 1/2-1/2